Kasimir - EYA (lyrics) - Statistiken

Allgemein
  • Dieses Quiz wurde 6 mal gespielt
  • Das Durchschnittsergebnis liegt bei 95 aus 466
Antwortstatistiken
Antwort % Korrekt
"Boo"
100%
mir
100%
bin
50%
bist
50%
den
50%
Digga,
50%
du
50%
ei'm
50%
ein
50%
eine
50%
ein'm
50%
ein'n
50%
euch,
50%
hier
50%
hinten
50%
ich
50%
Ich
50%
ihr
50%
im
50%
Ja,
50%
ja,
50%
Ja
50%
kauf
50%
ma'
50%
'n'
50%
nicht
50%
nicht,
50%
nur
50%
so
50%
Song
50%
uns
50%
Villa,
50%
von
50%
will,
50%
willkomm'n
50%
2001
0%
22
0%
90s
0%
aber
0%
Abitur,
0%
alle
0%
am
0%
an,
0%
an
0%
auch
0%
auf
0%
baller
0%
Beat
0%
Beats
0%
Beispiel
0%
Beton
0%
Bitch
0%
Bock
0%
cool
0%
cool...
0%
dann
0%
davon
0%
Dein
0%
Deine
0%
denk
0%
der
0%
die
0%
diese
0%
dir
0%
durch
0%
Ecke,
0%
einma'
0%
eins,
0%
feiert
0%
fick
0%
find
0%
fresh
0%
Fuck,
0%
fuck,
0%
Fuck-Shit,
0%
ganze
0%
Hab
0%
hab
0%
häng'n
0%
hängst
0%
hinterrücks
0%
Hoe
0%
hübsch,
0%
in
0%
ist
0%
Jahre
0%
Joint
0%
jung,
0%
jung
0%
kein
0%
keine
0%
kein'n
0%
klar,
0%
Kokain
0%
komm
0%
kommt
0%
Kontostand
0%
krieg
0%
lässt
0%
lauf
0%
läuft
0%
leb
0%
leer,
0%
mach,
0%
macht
0%
Manchmal
0%
MCs
0%
mehr
0%
mehr,
0%
mei'm
0%
mein
0%
meine
0%
mich
0%
Millionen,
0%
mit
0%
nachts
0%
Nachtschicht
0%
nackt
0%
Nase
0%
nehm
0%
Nikes
0%
ran
0%
rapp
0%
redet
0%
riskant
0%
Rock
0%
rock
0%
Roll,
0%
Roll
0%
Ruhe
0%
rum
0%
Scheiß
0%
scheiß
0%
Schlampe
0%
Schlampen
0%
schreibt
0%
Schwanz
0%
schwule
0%
seh
0%
sehr,
0%
sehr
0%
Session,
0%
sich
0%
siebenstellig
0%
spät,
0%
Stoffverkauf
0%
stolz,
0%
Stunde
0%
Takt
0%
Tattoo
0%
Team,
0%
treffe
0%
überall
0%
Uhr
0%
Und
0%
und
0%
ungesund,
0%
viel
0%
Vierte
0%
voll,
0%
Wagon
0%
was
0%
wenn
0%
wie
0%
Woche
0%
Yeah,
0%
Zeit,
0%
Zoll,
0%
zu
0%
zumindest
0%
zünd
0%
Zwanzig
0%
Keine übereinstimmenden Quizze gefunden
Verteilung der Resultate
Anzahl Personen mit jedem Resultat
Perzentil nach korrekt beantworteten Fragen
Ihre Resultats-Entwicklung
Sie haben dieses Quiz noch nicht gespielt